Analysis of Bumiputera developers in housing development industry

Bibliographic Details
Main Author: Mastura binti Jaafat, Dr
Other Authors: Prof. Dr. Nor' Aini binti Yusof, Prof. Sr. Azlan Raofuddin bin Hj. Nuruddin, Prof. Sr. Dr. Abdul Rashid bin Abdul Aziz
Format: Book
Language:English
Published: 2009
Subjects:

MARC

LEADER 00000cam a2200000 7i4500
001 0000022791
005 20100708.0
008 100622 my a eng
040 |a INS 
090 0 0 |a Research 258 
100 1 |a Mastura binti Jaafat, Dr 
245 1 0 |a Analysis of Bumiputera developers in housing development industry   |c Dr Mastura binti Jaafar, Prof. Sr. Dr. Abdul Rashid bin Abdul Aziz, Prof. Dr. Nor' Aini binti Yusof [..at]. 
260 |c 2009 
300 |a xi, 213p. ;   |c 30 cm. 
650 0 |a Housing develepment   |z Malaysia 
700 1 |a Prof. Dr. Nor' Aini binti Yusof 
700 1 |a Prof. Sr. Azlan Raofuddin bin Hj. Nuruddin 
700 1 |a Prof. Sr. Dr. Abdul Rashid bin Abdul Aziz 
999 |a RES0000377   |b BOOK   |c Course Notes   |e Default branch